El fenómeno religioso en Desolación de Gabriela Mistral

Saved in:
書目詳細資料
主要作者: Traverso Natoli, Luz María (Author)
格式: 圖書
語言:西班牙语
出版: Santiago Ediciones Norte y Cultura 1991
版:1a. ed
主題:
標簽: 添加標簽
沒有標簽, 成為第一個標記此記錄!

MARC

LEADER 00000cam a2200000 a 4500
001 UCE8726
003 CL-VaPUC
005 20241016095656.0
008 150827e19910000cl |||||||||||||||||spa|d
999 |c 360505  |d 360503 
040 |c Pontificia Universidad Católica de Valparaíso 
082 0 4 |a Ch864  |b TRA  |2 21 
100 0 |a Traverso Natoli, Luz María  |e author  |9 581441 
245 1 3 |a El fenómeno religioso en Desolación de Gabriela Mistral 
250 |a 1a. ed 
260 |a Santiago  |b Ediciones Norte y Cultura  |c 1991 
300 |a 92 p 
583 |a last modification  |c 20150827 16:13:00  |k Rodrigo Vera 
600 0 |a Mistral, Gabriela,  |d 1889-1957  |e autora  |q Godoy Alcayaga, Lucila  |9 866296 
650 0 |a Ensayos chilenos   |9 269132 
942 |c BK  |2 ddc 
945 |d 20150827 16:13:00  |a gsalatino 
952 |0 0  |1 0  |3 erb  |4 0  |6 CH_864_000000000000000_TRA_1991  |7 0  |8 A  |9 470341  |a BIBEDU  |b BIBEDU  |e Valenzuela Fuenzalida, Alvaro Miguel, 1932-  |i 5203260  |o Ch864 TRA 1991  |p 5203260  |r 2019-11-23  |w 2019-11-23  |y BK  |z Catalogado en:20150827  |k LIT